Who are the ‘real’ people? The concept of relational popular identity and the self-identification of populist voters in Poland (Record no. 529001)

000 -LEADER
fixed length control field 01726nam a22001457a 4500
008 - FIXED-LENGTH DATA ELEMENTS--GENERAL INFORMATION
fixed length control field 250211b ||||| |||| 00| 0 eng d
100 ## - MAIN ENTRY--PERSONAL NAME
Personal name Nawrocki, Michał
245 ## - TITLE STATEMENT
Title Who are the ‘real’ people? The concept of relational popular identity and the self-identification of populist voters in Poland
260 ## - PUBLICATION, DISTRIBUTION, ETC. (IMPRINT)
Place of publication, distribution, etc International Sociology
300 ## - PHYSICAL DESCRIPTION
Extent 39(6), Nov, 2024: p.972-697
520 ## - SUMMARY, ETC.
Summary, etc Research on national, political, and social identities in the study of populism is typically limited to analysing populist identity framing in political and media discourses and measuring its effects on individual populist attitudes. Thus, the self-identification of populists’ supporters, i.e. how they relate to populist identity framing when reflexively constructing their identities, remains largely unexplored. To address this issue, the article introduces the concept of relational popular identity, capturing the complexities of late-modern political identities, and the relational identity mapping technique used to investigate the web of relations forming these identities. The article also presents a case study of loyal voters of the Law and Justice party in Poland and discusses how a relational right-wing popular identity may serve as an ‘intermediary identity’ that articulates elements of other identities to maintain their integrity and a ‘community of last resort’ that unites the ‘real’ people through an immunitarian mechanism of exclusion.- Reproduced

https://journals.sagepub.com/doi/abs/10.1177/02685809241276881
650 ## - SUBJECT ADDED ENTRY--TOPICAL TERM
Topical term or geographic name as entry element Exclusionary politics, Poland, Populism, Relational identify, Self-identification.
9 (RLIN) 50609
773 ## - HOST ITEM ENTRY
Main entry heading International Sociology
942 ## - ADDED ENTRY ELEMENTS (KOHA)
Item type Articles
Holdings
Withdrawn status Lost status Source of classification or shelving scheme Damaged status Not for loan Permanent location Current location Date acquired Serial Enumeration / chronology Barcode Date last seen Koha item type
          Indian Institute of Public Administration Indian Institute of Public Administration 2025-02-11 39(6), Nov, 2024: p.972-697 AR135193 2025-02-11 Articles

Powered by Koha